Detalles MARC
| 000 -LEADER |
| fixed length control field |
01772nam#a2200265 4500 |
| 001 - CONTROL NUMBER |
| control field |
9781456211400 |
| 003 - CONTROL NUMBER IDENTIFIER |
| control field |
VST |
| 005 - DATE AND TIME OF LATEST TRANSACTION |
| control field |
20250425090629.0 |
| 006 - FIXED-LENGTH DATA ELEMENTS--ADDITIONAL MATERIAL CHARACTERISTICS |
| fixed length control field |
m o d |
| 007 - PHYSICAL DESCRIPTION FIXED FIELD--GENERAL INFORMATION |
| fixed length control field |
cr#un#---uucau |
| 008 - FIXED-LENGTH DATA ELEMENTS--GENERAL INFORMATION |
| fixed length control field |
130214s2013 MEX eng d |
| 020 ## - INTERNATIONAL STANDARD BOOK NUMBER |
| International Standard Book Number |
9781456211400 |
| 040 ## - CATALOGING SOURCE |
| Original cataloging agency |
VST |
| Transcribing agency |
VST |
| Modifying agency |
VST |
| 100 1# - MAIN ENTRY--PERSONAL NAME |
| Personal name |
Ricardo Fernández del Busto y Ezeta |
| Relator term |
author |
| 245 10 - TITLE STATEMENT |
| Title |
Análisis y diseño de sistemas de control digital |
| 250 ## - EDITION STATEMENT |
| Edition statement |
first edition |
| 260 ## - PUBLICATION, DISTRIBUTION, ETC. |
| Place of publication, distribution, etc. |
Mexico : |
| 264 #1 - PRODUCTION, PUBLICATION, DISTRIBUTION, MANUFACTURE, AND COPYRIGHT NOTICE |
| Place of production, publication, distribution, manufacture |
Mexico : |
| Name of producer, publisher, distributor, manufacturer |
McGraw-Hill Interamericana, |
| Date of production, publication, distribution, manufacture, or copyright notice |
2013 |
| 300 ## - PHYSICAL DESCRIPTION |
| Extent |
1 online resource |
| 336 ## - CONTENT TYPE |
| Content type term |
text |
| Content type code |
txt |
| Source |
rdacontent |
| 337 ## - MEDIA TYPE |
| Media type term |
computer |
| Media type code |
c |
| Source |
rdamedia |
| 520 ## - SUMMARY, ETC. |
| Summary, etc. |
Esta obra está orientada principalmente a estudiantes de las carreras de Ingeniería mecatrónica, Ingeniería electrónica, en sus diversas vertientes, e Ingeniería mecánica eléctrica, principalmente, debido a que, por un lado, en los planes de estudio se contemplan cursos relacionados con el control digital, y por otro, en la industria hay una creciente necesidad de mejorar la productividad, la seguridad y la eficiencia, y todo ello se dará en la medida en que haya más personal capacitado en el área de automatización y control de procesos. Por otro lado, considero importante que los estudiantes de esas carreras tengan un mayor contacto con el área de control de procesos, la cual ha sido tradicionalmente casi exclusiva de los ingenieros químicos e instrumentistas; la aplicación de las técnicas de control digital a esta industria es indiscutible y ofrece en nuestros países una oportunidad de desarrollo profesional y técnico importante, y puede ser abordada exitosamente por otras disciplinas. |
| 856 40 - ELECTRONIC LOCATION AND ACCESS |
| Uniform Resource Identifier |
<a href="https://resolver.vitalsource.com/9781456211400">https://resolver.vitalsource.com/9781456211400</a> |
| 942 ## - ADDED ENTRY ELEMENTS (KOHA) |
| Koha item type |
Recurso Electrónico |